000
00220nam a2200097Ia 4500
005
20251222114347.0
008
251222s1900||||xx |||||||||||||| ||spa||
082
_a
DVD0060/R74/2008
245
0
_a
El acuarelista:
942
_c
DVD
999
_c
1093
_d
1093